| 000 | 00527nam a2200193Ia 4500 | ||
|---|---|---|---|
| 005 | 20250508154014.0 | ||
| 008 | 008 250505s9999 xx 000 0 eng d | ||
| 037 | _aTextual | ||
| 040 |
_aFEDL _beng _cFEDL |
||
| 041 |
_aeng _2eng |
||
| 084 |
_a301.36, TUR _qFEDL |
||
| 100 |
_aTurner Roy Ed. _9136178 |
||
| 245 | 0 | _aIndia's urban future | |
| 260 |
_aBombay, India _bOxford University Press _c1962 |
||
| 300 | _axv,470p. | ||
| 650 | _aSociology | ||
| 942 |
_cTEXL _h301.36, TUR |
||
| 999 |
_c1346980 _d1346980 |
||